000 01280nam a2200301 4500
003 EG-GICUC
005 20260205235931.0
008 260205s1997 ua ||||fr|||| 00| 0 ara d
040 _a EG-GICUC
_bara
_c EG-GICUC
_d EG-GICUC
_erda
041 0 _aara
082 0 4 _221
_a341.84
_bع ن . ا
092 0 4 _221
099 _aLaw1 12 341.84 ع ن . ا 1997
100 0 _aعنايت عبدالحميد ثابت
_eمؤلف.
245 1 0 _aأساليب فض تنازع القوانين ذي الطابع الدولي في القانون الوضعي المقارن:
_bتحليل و تأصيل /
_cعنايت عبدالحميد ثابت
264 _aدون مكان نشر:
_bدون ناشر،
_c1997.
300 _a93؛ صفحة
_c24 سم
_bإيضاحيات، صور، مثيليات ؛
336 _2rda content
_atext
337 _2rda media
_aComputer
338 _2rda carrier
_aOnline Resource
504 _aيحتوي على ارجاعات ببليوجرافية
546 _aالنص أغلبه باللغة العربية مع بعض النصوص الفرنسية
650 1 _aتنازع القوانين
_x قانون دولي
_2qrmak
651 1 _2qrmak
856 4 0 _uhttps://fll.law.cu.edu.eg/fulltext/bks/B12-01724.pdf
905 _a15
942 _2ddc
_n0
_cBK
_e21
999 _c61393
_d61393